000 00268nam a2200109Ia 4500
008 220713s9999 xx 000 0 und d
020 _a0 624 033988
082 _aAF LERO
100 _aLE ROUX VAN DER BOON
_9163793
245 0 _aSOOS HONDE VAN DIE HEMEL
942 _cBK
_y561
_zJohn Tresidder
999 _c675098
_d675097